书目信息 |
| 题名: |
马列文论研究
|
|
| 作者: | ;全国马列文艺论著研究会 主编 | |
| 分册: | 第六集 | |
| 出版信息: | 北京 中国人民大学出版社 1984.07 |
|
| 页数: | 192页 | |
| 开本: | 21cm | |
| 丛书名: | ||
| 单 册: | ||
| 中图分类: | A8 | |
| 科图分类: | ||
| 主题词: | 马克思主义、列宁主义、毛泽东思想--学习 , 马克思主义、列宁主义、毛泽东思想--研究 | |
| 电子资源: | ||
| ISBN: | ||
| 000 | 00815nam0 2200253 45 | |
| 001 | 0182005001 | |
| 005 | 20050517165854.5 | |
| 010 | @dCNY0.71 | |
| 091 | @a10011.43 | |
| 100 | @a19950624f19841991em y0chiy0121 ea | |
| 101 | 0 | @achi |
| 102 | @aCN@b110000 | |
| 105 | @ay z 000yy | |
| 200 | 10 | @a马列文论研究@Ama lie wen lun yan jiu@h第六集@f全国马列文艺论著研究会主编@FQuan Guo Ma Lie Wen Yi Lun Zhu Yan Jiu Hui Zhu Bian |
| 210 | @a北京@c中国人民大学出版社@d1984.07 | |
| 215 | @a192页@d21cm | |
| 300 | @a马克思恩格斯现实主义理论研究专集 | |
| 606 | 0 | @a马克思主义、列宁主义、毛泽东思想@x学习 |
| 606 | @a马克思主义、列宁主义、毛泽东思想@x研究 | |
| 690 | @aA8@v3 | |
| 711 | 02 | @a全国马列文艺论著研究会@4主编 |
| 801 | 0 | @aCN@b上海图书馆@c20040423 |
| 801 | 2 | @aCN@bNLC@c20040423 |
| 905 | @dA8@e118:6@f1@b216732 | |
| 马列文论研究.第六集/全国马列文艺论著研究会主编.-北京:中国人民大学出版社,1984.07 |
| 192页;21cm |
| 马克思恩格斯现实主义理论研究专集 |
| ISBN :CNY0.71 |
| ● |
| 相关链接 |
|
|
|
|
正题名:马列文论研究
索取号:A8/118:6
 
预约/预借
| 序号 | 登录号 | 条形码 | 馆藏地/架位号 | 状态 | 备注 |
| 1 | 0216730 | 000959083 | 第一借阅区/ [索取号:A8/118:6] | 在馆 | |
| 2 | 0216731 | 000959234 | 第一借阅区/ [索取号:A8/118:6] | 在馆 | |
| 3 | 0216732 | 000959314 | 第一样本阅览室/ [索取号:A8/118:6] | 在馆 |